| 000 | 00784cam a22002057a 4500 | ||
|---|---|---|---|
| 003 | Mx-mXUPN | ||
| 005 | 20241109063738.0 | ||
| 008 | 240212s2012 mx| |||frl||| 000 0 spa d | ||
| 040 |
_aMX-MxUPN _bspa |
||
| 050 | 4 |
_aKI30 _b2007 |
|
| 110 | 2 |
_952422 _aNaciones Unidas. _bAsamblea General |
|
| 245 | 0 | 0 | _aDeclaración de las naciones unidas sobre los derechos de los pueblos indígenas |
| 260 |
_aMéxico : _bAgenda Ciudadana : _bAlianza de Mujeres Indígenas de Centroamérica y México : _bRemipaz : _bPraxis en Red, _c2007. |
||
| 300 | _a12 páginas | ||
| 650 | 4 |
_950823 _aIndígenas _xDerechos civiles |
|
| 650 | 4 |
_913975 _aIndígenas _xSituación legal, leyes, etc. |
|
| 650 | 4 |
_aDerechos humanos _95797 |
|
| 902 |
_aMarielOrtiz/120224 _bVíctorGodínez/170624 |
||
| 942 |
_2lcc _cFOLL |
||
| 999 |
_c210970 _d210970 |
||